| 000 | 00576nam a2200157Ia 4500 | ||
|---|---|---|---|
| 008 | 200626s9999 xx 000 0 und d | ||
| 020 | _a978-0-07-131-846-4 | ||
| 100 | _aAdler, Ronald B. | ||
| 245 |
_cRoanld B. Adler, Jeanne Elmhorst, Kristen Lu _aCommunicating at work / _bStrategies for sucess in business and the professions |
||
| 250 | _a11 ed. | ||
| 260 |
_aBoston, MA : _bMcGraw-Hill Education _c2013 |
||
| 300 | _axviii,462 pages | ||
| 500 | _aIncludes appendices, glossary and index. | ||
| 650 | _aBusiness communication. | ||
| 650 | _aInterpersonal communication. | ||
| 999 |
_c363776 _d363776 |
||